Ťažký život v koalícii koalícií východisko do budúcnosti sa črtá v prirodzenom preskupení politických síl

Bibliographic Details
Main Author: Gabura, Peter (Author)
Format: Article
Language:Slovak
Subjects:

MARC

LEADER 00000nab a2200000 a 4500
001 vtls000712065
003 SK-MaSNL
005 20260303201231.0
008 180205c1999 xo 0 slo
015 |a SNBRB2000/02-03654 
035 |a CLN000064232 
040 |a SNKBUCL  |b slo  |c SNKBUCL  |e AACR2 
041 0 |a slo 
044 |a xo  |c SK 
080 |a 329.051(437.6)SDK  |2 UDC-MRF-SK2 
100 1 |a Gabura, Peter  |4 aut  |9 850053 
245 1 0 |a Ťažký život v koalícii koalícií  |b východisko do budúcnosti sa črtá v prirodzenom preskupení politických síl  |c Peter Gabura 
610 2 7 |a Slovenská demokratická koalícia (politická strana)  |2 SNKKA  |9 38262 
648 7 |a 1999  |2 SNK  |9 266597 
655 7 |a články z novín a časopisov  |2 snkbucl  |9 267496 
773 0 |t Fakty  |g Roč. 6, č. 44 (1999), s. 6-7 
850 |a Slovenská národná knižnica v Martine 
852 |a SNK  |b KIS3GCP 
958 |a RBX 
999 |c 2172613  |d 2174543